Statistics for Country Flags That Contain the Color Black

Click here to take the quiz!

General Stats

  • This quiz has been taken 39 times
    (29 since last reset)
  • The average score is 45 of 60

Answer Stats

Countries% Correct
Afghanistan
100%
Germany
94%
Iraq
94%
Albania
89%
Angola
89%
Egypt
89%
Kenya
89%
Papua New Guinea
89%
Saint Kitts and Nevis
89%
Saint Lucia
89%
Syria
89%
Trinidad and Tobago
89%
Antigua and Barbuda
83%
Bahamas
83%
Belgium
83%
Brunei
83%
Haiti
83%
Jamaica
83%
Kuwait
83%
Libya
83%
Malawi
83%
Mexico
83%
South Africa
83%
South Korea
83%
South Sudan
83%
Tanzania
83%
Uganda
83%
Yemen
83%
Zimbabwe
83%
Botswana
78%
Estonia
78%
Ghana
78%
Portugal
78%
Sudan
78%
Vanuatu
78%
Vatican CIty
78%
Zambia
78%
Barbados
72%
Belize
72%
Jordan
72%
Mozambique
72%
San Marino
72%
Dominica
67%
El Salvador
67%
Guinea-Bissau
67%
Nicaragua
67%
Sao Tome and Principe
67%
United Arab Emirates
67%
Croatia
61%
Liechtenstein
61%
Paraguay
61%
Spain
61%
Bolivia
56%
Equatorial Guinea
56%
Fiji
56%
Lesotho
56%
Malta
56%
Swaziland
56%
Bhutan
39%
Costa Rica
28%

Score Distribution

Percentile by Number Answered

Percent of People with Each Score

Your Score History

You have not taken this quiz since the last reset